Click the Country Names - A - Statistics

General Stats
  • This quiz has been taken 183 times
  • The average score is 9 of 11
Answers on the Map
Answers color-coded by a green-red scale on the quiz's map according to % correct below.
 
Answer Stats
Answer % Correct
Algeria
94%
Austria
91%
Argentina
90%
Australia
89%
Angola
87%
Afghanistan
86%
Albania
82%
Armenia
81%
Azerbaijan
79%
Antigua and Barbuda
63%
Andorra
54%
No matching quizzes found
Score Distribution
Percent of People with Each Score
Percentile by Number Answered
Your Score History
You have not taken this quiz